| 000 | 00711nam a2200205Ia 4500 | ||
|---|---|---|---|
| 003 | OSt | ||
| 005 | 20260525151213.0 | ||
| 008 | 210210b1995 xxu||||| |||| 00| 0 eng d | ||
| 040 | _cAL | ||
| 041 | _aKannada | ||
| 082 | _a680K RAJM | ||
| 100 |
_aRAJAPPA (D C). _dರಾಜಪ್ಪ (ಡಿ ಸಿ) _9264521 |
||
| 245 |
_aMaisuru rajyadalli vanijya mattu karakushala kalegalu. _bಮೈಸೂರು ರಾಜ್ಯದಲ್ಲಿ ವಾಣಿಜ್ಯ ಮತ್ತು ಕರಕುಶಲ ಕಲೆಗಳು. |
||
| 260 |
_aSagara. _bAkshata Prakashana _c1995 |
||
| 300 | _a224 | ||
| 650 |
_aMysore Vanijya Karakushala Kalegalu _9264522 |
||
| 690 |
_aEngineering _9264523 |
||
| 906 | _a050768 | ||
| 942 |
_2ddc _cBK |
||
| 999 |
_c99054 _d99054 |
||